000 00565nam a2200217Ia 4500
005 20250508165008.0
008 008 250505s9999 xx 000 0 hin d
020 _a81-7028-866-5
037 _aTextual
040 _aFEDL
_beng
_cFEDL
041 _ahin
_2eng
084 _a349.54, SEN
_qFEDL
100 _aSen Amartya
245 0 _aNyaya ka swaroop
260 _aDelhi, India
_bRajpal and Sons
_c2010
300 _a384p
365 _aINR
_b425
546 _aTr of Idea of justice
942 _cTEXL
_h349.54, SEN
999 _c1392545
_d1392545